000
00276nam a22001337a 4500
008
181207b xxu||||| |||| 00| 0 eng d
020
_a
0536001812
041
_a
eng
080
_a
541
100
_a
12
101
_a
kim
245
_a
Chemistry
_c
Garret.A.R
942
_2
udc
_c
BK
999
_c
53095
_d
53095